000 00647nam a2200229Ia 4500
003 OSt
005 20221006164019.0
006 a|||||r|||| 00| 0
007 ta
008 221006b |||||||| |||| 00| 0 eng d
024 _a7,116
037 _cTextual
040 _aFML
_cFML
_beng
041 _2eng
_aeng
082 _aNR44:g, P9 -; 1
100 _aBhattacharya Debashree Au.
_9676446
245 0 _aCommunication And Apopriciation of Arts
260 _aNew Delhi
_bSanjaya Prakashan India
_c2009
300 _a83
_ccm.
942 _hNR44:g, P9 -; 1
_cTEXL
_2CC
999 _c1115988
_d1115988